| 000 | 00598nam a22001937a 4500 | ||
|---|---|---|---|
| 003 | OSt | ||
| 005 | 20260202063809.0 | ||
| 008 | 260202b |||||||| |||| 00| 0 eng d | ||
| 020 | _a978-0-540-09016 | ||
| 040 |
_aDWCL-Main Lib _cOC |
||
| 082 | _aGR. 912 Un58 2008 | ||
| 110 |
_aTHE ROYAL GEOGRAPHICAL SOCIETY _eCorporate Author |
||
| 245 | _aUniversal atlas of the world | ||
| 260 |
_aGreat Britain : _bPhilips : Octopus Publishing Group, _cc2008. |
||
| 300 |
_a584 p. : _bill. (mostly col.) ; _c39 cm. |
||
| 501 | _aIncludes references and index. | ||
| 650 | _aAtlases. | ||
| 942 |
_2ddc _cGR _mGR. _n0 |
||
| 999 |
_c8120 _d8120 |
||